Statystyki dla Geografia fizyczna Europy

Kliknij tutaj aby rozwiązać quiz!

Ogólne statystyki

  • Ten quiz został rozwiązany 76 razy
  • Średni wynik to 11 z 15

Statystyki odpowiedzi

PytanieOdpowiedź% Poprawnych
Góry na Północ od WłochAlpy
90%
Morze na Wschód od Wielkiej BrytaniiPółnocne
89%
Największa włoska wyspaSycylia
89%
Góry leżące na granicy Hiszpanii i FrancjiPireneje
87%
Morze pomiędzy Europą a AfrykąŚródziemne
86%
Morze pomiędzy Włochami a BałkanamiAdriatyckie
79%
Półwysep zaanektowany przez Rosję w 2014 rokuKrymski
79%
Najwyższa góraMont Blanc
75%
Zatoka pomiędzy Finlandią a EstoniąFińska
71%
Rzeka w Zachodnich NiemczechRen
70%
Morze pomiędzy Grecją a TurcjąEgejskie
62%
Zatoka na Północ od PolskiGdańska
48%
Rzeka przepływająca przez granicę Rosji i LitwyNiemen
48%
Półwysep nad którym leżała Unia KalmarskaSkandynawski
48%
Nizina na Północy NiemiecNiemiecka
32%

Rozkład punktacji

Percentyl według liczby udzielonych odpowiedzi

Procent ludzi z każdym wynikiem

Twoja historia wyników

Nie rozwiązałeś tego quizu